000 00596nam a2200181Ia 4500
003 GCL
008 140319s9999 xx 000 0 ara d
040 _aGCL /
_cGCL
082 0 4 _a219.3
_bم ش
100 1 _aمحمد محمد عبدالحى
245 1 0 _aالشورى من اقوى دعائم الحكم الاسلامى /
_cمحمد محمد عبدالحى
260 _a[S.N] :
_bدار البشير للثقافة والعلوم الاسلامية ،
_c1990
300 _a124 ص
490 _a
650 0 4 _aالشورى
650 0 4 _aالشورى فى الاسلام
942 _2ddc
_cBK
999 _c53616
_d53616